Responses for Show #4394 - Thursday, October 16, 2003

Sean Ryan game 7.

Contestants

[<< previous game]

Jack Turner, a real estate lawyer from Southaven, Mississippi

Katie Durham, a graduate student from Portland, Oregon

Sean Ryan, a taxi driver, bartender, and student from State College, Pennsylvania (whose 6-day cash winnings total $123,797)

[next game >>]

Jeopardy! Round responses

WOMEN OF COUNTRY
MYTHOLOGY
THE DIRECTOR'S CHAIR
PSYCHED
MR. BUSINESSMAN
HOMOPHONES
    $200 20
Arizona

Katie
    $200 18
Mars

Sean
    $200 1
Woody Allen

Sean
    $200 16
schizophrenia

Sean
    $200 11
(Sean: Who is Ford?)
(Alex: Be more specific.)
(Sean: Who is Edsel Ford?)

Henry Ford II

SeanJack
    $200 6
fur/fir

Triple Stumper
    $400 21
Tanya Tucker

Triple Stumper
    $400 24
Odysseus

Sean
    $400 2
Barbra Streisand

Sean
    $400 17
the id

Jack
    $400 12
gunpowder

Sean
    $400 7
(Jack: What is mother?)

none/nun

Jack
Triple Stumper
    $600 22
June Carter Cash

Sean
    $600 25
Mercury

Sean
    $600 3
Francis Ford Coppola

Sean
    $600 19
manic depressive disorder

Katie
    $600 13
Armand Hammer

Jack
    $600 8
write/right

Sean
    $800 23
Canada

Katie
    $800 26
Apollo

Jack
    $800 4
Spike Lee

Sean
    $800 28
obsessive compulsive disorder

Sean
    $800 14
(Sean: What is the Cunard Line?)

(Samuel) Cunard

Sean
    $800 9
peer/pier

Sean
    $1000 30
Emmylou Harris

Sean
    $1000 27
Niobe

Triple Stumper
    $1000 5
(Alex: Hey, well done; you've been to a lot of movies, so you know a lot about them; all of the points in the category coming your way!)

Ridley Scott

Sean
    $1000 29
Prozac Nation

Katie
    $2,000 15
(Sir Benjamin) Guinness

Sean
    $1000 10
bard/barred

Sean

Scores at the first commercial break (after clue 15):

Sean Katie Jack
$8,400 $0 $400

Scores at the end of the Jeopardy! Round:

Sean Katie Jack
$12,200 $2,600 $1,600

Double Jeopardy! Round responses

WOMEN OF COUNTRY
(Alex: This time, we'll identify the woman, you give us the country.)
A CHURCH WEDDING
CLASSICAL MUSIC
POTENT POTABLES
BOOK TITLES
(Alex: And finally, we'll go...)
"J" WALKING
    $400 2
Argentina

Sean
    $400 1
Beverly Hills

Sean
    $400 8
martini

Katie
    $400 7
Quarry

Jack
    $400 11
Judas

Katie
    $800 3
the Philippines

Sean
    $800 19
the Von Trapps

Katie
    $800 29
[The end-of-round signal sounds.]

Edgar Allan Poe

Triple Stumper
    $800 9
(Sean: What is the Luau?)

the Hula

SeanKatie
    $800 10
Midnight

Triple Stumper
    $800 12
The Jeffersons

Jack
    $1200 4
Pakistan

Katie
    $2,000 20
John Quincy Adams

Katie
    $1200 28
Franz Liszt

Triple Stumper
    $1200 27
champagne

Jack
    $1200 16
Abraham

Sean
    $1200 13
(Katie: What is the jabberwocky?)
(Jack: What is jabberwocky?)
...
(Alex: "Jabberwocky" is the name of the poem; no "Y" at the end of the creature's name.)

the jabberwock

KatieJack
Triple Stumper
    $1600 5
Ireland

Katie
    $1600 21
Athens

Katie
    $1600 26
The Rite of Spring

Sean
    $1600 25
pina colada

Triple Stumper
    $7,000 17
(Sean: What is the Light?)
(Alex: Ohhh... that's the name of the song!)

the Right

Sean
    $1600 14
Michael Jordan

Sean
    $2000 6
(Jack: What is Nepal?)

Sri Lanka

Jack
Triple Stumper
    $2000 22
Victor Hugo

Jack
    $2000 23
(Katie: Who is Wagner?)

Hector Berlioz

Katie
Triple Stumper
    $2000 24
(Jack: What is triple sec?)
...
(Alex: Less than a minute now, Jack.)

grenadine

Jack
Triple Stumper
    $2000 18
Watching God

Katie
    $2000 15
the Jesuits

Sean

Scores at the end of the Double Jeopardy! Round:

Sean Katie Jack
$12,400 $10,200 $800

[wagering suggestions for these scores]

Final Jeopardy! Round responses

NAME'S THE SAME
(Alex: And Sean Ryan leaves us with a lot of money: $123,000, so he had a good time!)
JackWho is UNESCO?
$799
KatieWho is ?
$0
SeanWho is Gayle Sayers?
$8,500
Secretariat

Final scores:

Sean Katie Jack
$3,900 $10,200 $1
2nd place: $2,000 New champion: $10,200 3rd place: $1,000

Game dynamics:

Coryat scores:

Sean Katie Jack
$18,400 $9,400 $800
25 R
(including 1 DD),
3 W
(including 1 DD)
13 R
(including 1 DD),
2 W
8 R,
4 W

Combined Coryat: $28,600

[game clues] [game scores] [suggest correction]

Game tape date: 2003-08-04
The J! Archive is created by fans, for fans. Scraping, republication, monetization, and malicious use prohibited; this site may use cookies and collect identifying information. See terms. The Jeopardy! game show and all elements thereof, including but not limited to copyright and trademark thereto, are the property of Jeopardy Productions, Inc. and are protected under law. This website is not affiliated with, sponsored by, or operated by Jeopardy Productions, Inc. Join the discussion at JBoard.tv.